000 00604nam a2200181Ia 4500
003 GCL
008 140319s9999 xx 000 0 ara d
040 _aGCL /
_cGCL
082 0 4 _a819.9
_bع م
100 1 _aعبدالله ابراهيم
245 1 0 _a"المتخيل السردى ""سفاريات نقدية فى التناص والرؤى والدلالة""" /
_cعبدالله ابراهيم
260 _a[S.N] :
_bالمركز الثقافى العربى ،
_c1990
300 _a184 ص
490 _a
650 0 4 _aالقصص العربية
650 0 4 _aتاريخ ونقد
942 _2ddc
_cBK
999 _c55075
_d55075